000 00615nam a2200253Ia 4500
005 20260121155257.0
008 008 260114s9999 xx 000 0 eng d
020 _a9780429431074
037 _aEBOOK
040 _aCRL
040 _beng
040 _cCRL
041 _2eng
041 _aeng
084 _qCRL
100 _a Sethulego Matebesi
_91017547
245 0 _aSocial Licensing and Mining in South Africa
260 _bTaylor and Francis
260 _c2020
856 _uhttp://www.taylorfrancis.com/books/9780429431074
942 _cEBOOK
999 _c1584366
_d1584366